| 000 | 00729nam a2200241Ia 4500 | ||
|---|---|---|---|
| 003 | GCL | ||
| 008 | 140319s9999 xx 000 0 ara d | ||
| 040 |
_aGCL / _cGCL |
||
| 082 | 0 | 4 |
_a636 _bا ت |
| 100 | 1 | _aمحمد غريب جودة (مترجم) | |
| 245 | 1 | 0 |
_aتربية اسماك الزينة / _cمحمد غريب جودة (مترجم) |
| 700 | 1 | _aالدرتون , ديفيد | |
| 260 |
_a[S.N] : _bالهيئة المصرية العامة للكتاب ، _c1990 |
||
| 300 | _a167 | ||
| 490 | _a | ||
| 650 | 0 | 4 | _aالبيئة |
| 650 | 0 | 4 | _aالتربية |
| 650 | 0 | 4 | _aامراض |
| 650 | 0 | 4 | _aالاسماك |
| 650 | 0 | 4 | _aالاحياء المائية |
| 650 | 0 | 4 | _aاسماك الزينة |
| 942 |
_2ddc _cBK |
||
| 999 |
_c29058 _d29058 |
||